Sam Lucas Quiz Stats

Quiz not verified by Sporcle

Also try: Musician Anagrams
Challenge
Share
Tweet
Embed
Score 0/8 Timer 10:00
0 Plays Today
Hint Answer % Correct
facial haira beard of spots
85.7%
where was his middle school basedGhettoakley
71.4%
who is his best friendhis reflection
28.6%
fitnessquestion marks
14.3%
does he walk funnyyes, you are a fool if you think differently
0%
sexualityopen to all sorts
0%
virginity statusbetter chance of getting hit by lightening then losing it
0%
strengthequal to an ant
0%

You're not logged in!

Compare scores with friends on all Sporcle quizzes.
Sign Up with Email
OR
Log In

You Might Also Like...

Show Comments

Extras

Top Quizzes Today


Score Distribution

Your Account Isn't Verified!

In order to create a playlist on Sporcle, you need to verify the email address you used during registration. Go to your Sporcle Settings to finish the process.